| 000 | 01394nam a2200349Ia 4500 | ||
|---|---|---|---|
| 001 | Z_17 | ||
| 003 | CHAP | ||
| 008 | 220113s9999 xx 000 0 und d | ||
| 010 | _a162983 | ||
| 020 | _a968-451-540-5 | ||
| 040 | _cCHAP | ||
| 082 | _a576 P45e | ||
| 100 | 1 |
_aPelczar, Michael J., Jr. _986613 |
|
| 245 |
_aElementos de microbiología / _cMichael J. Pelczar Jr. y E. L. S. Chan; colaboración Mera Foss Pelczar; traducción Julio Rodríguez Villanueva... [et al]; Revisión técnica Carlos Hardisson Romeu |
||
| 260 |
_aMéxico : _bMcGraw-Hill, _c |
||
| 300 | _aviii, 745 p. | ||
| 500 | _aTraducción de la obra en inglés: Elements of microviology de 1981 | ||
| 503 | _aej.1: 126656 \ ej.2: 138285 (reposición ej.3, mismo título y año) \ ej.3: 138287 \ ej.4: 138288 \ ej.5: reposición del título: Young, Genevive Gray. Witton´s microbiología. 1961. CECSA, 774 p. ej.1 (adq. 2571 inv.?)\ ej.6: 138286 \ ej.7: s/n | ||
| 504 | _aIncluye bibliografía e índice | ||
| 650 |
_aMicrobiología _975490 |
||
| 650 |
_aMicroorganismos _975519 |
||
| 700 |
_a Hardisson Romeu, Carlos, rev. téc. _9137198 |
||
| 700 |
_a Pelczar, Mera Foss, colab. _9137199 |
||
| 700 |
_a Rodríguez Villanueva, Julio, tr. _9137200 |
||
| 700 |
_aChan, E. L. S., aut. _9137201 |
||
| 901 | _a576 P45E | ||
| 902 | _aM | ||
| 910 | _a | ||
| 942 | _c1 | ||
| 942 | _cc1 | ||
| 999 |
_c162983 _d162983 |
||